[Event "Fagernes op"]
[Site "Fagernes"]
[Date "2020.10.06"]
[Round "3"]
[White "Eiding, Amanda Mai Irgens"]
[Black "Omland, Nils Henrik"]
[Result "0-1"]
[WhiteElo "1677"]
[BlackElo "1514"]
[PlyCount "124"]
[EventDate "2020.10.04"]
[EventType "swiss"]
[EventRounds "9"]
[EventCountry "NOR"]
[SourceTitle "EXT 2024"]
[Source "ChessBase"]
[SourceDate "2023.10.10"]
[SourceVersion "1"]
[SourceVersionDate "2023.10.10"]
[SourceQuality "1"]

1. e4 e5 2. Nf3 Nc6 3. d4 exd4 4. Nxd4 Nf6 5. Nxc6 bxc6 6. e5 Qe7 7. Qe2 Nd5 8. c4 Ba6 9. b3 g6 10. f4 Bg7 11. Qe4 f5 12. Qd4 Nb4 13. Qc3 c5 14. Bb2 0-0 15. Be2 Bb7 16. 0-0 Nc6 17. Bf3 Nd4 18. Bd1 d6 19. Qe3 dxe5 20. fxe5 Bxe5 21. Re1 Rae8 22. Nd2 Bxh2+ 23. Kxh2 Qxe3 24. Rxe3 Rxe3 25. Nf1 Re7 26. b4 Nc6 27. bxc5 Na5 28. c6 Nxc6 29. Ba3 Rfe8 30. Bxe7 Rxe7 31. Rb1 Ba6 32. Bf3 Ne5 33. Bd5+ Kg7 34. c5 c6 35. Bb3 Bxf1 36. Rxf1 Nd3 37. Ba4 Nxc5 38. Bxc6 Ne4 39. Rf3 Rc7 40. Bd5 Nf6 41. Bb3 Ng4+ 42. Kg3 Kf6 43. Rd3 Re7 44. Kh4 Kg7 45. Rd2 h6 46. g3 Re1 47. Bd5 Nf6 48. Bg2 g5+ 49. Kh3 Re7 50. Rd3 Ne4 51. Ra3 Rc7 52. Ra4 Nf2+ 53. Kh2 Re7 54. Ra3 g4 55. Ra5 Kf6 56. Ra6+ Kg5 57. Ra5 Nd3 58. Bf1 Ne5 59. Ra4 h5 60. Ra6 h4 61. gxh4+ Kxh4 62. Rf6 Kg5 0-1

[Event "Fagernes op"]
[Site "Fagernes"]
[Date "2020.10.06"]
[Round "1"]
[White "Hausken, Andreas Skrede"]
[Black "Omland, Nils Henrik"]
[Result "1-0"]
[WhiteElo "1823"]
[BlackElo "1514"]
[PlyCount "73"]
[EventDate "2020.10.04"]
[EventType "swiss"]
[EventRounds "9"]
[EventCountry "NOR"]
[SourceTitle "EXT 2024"]
[Source "ChessBase"]
[SourceDate "2023.10.10"]
[SourceVersion "1"]
[SourceVersionDate "2023.10.10"]
[SourceQuality "1"]

1. e4 c5 2. Nf3 Nc6 3. Bb5 g6 4. 0-0 Bg7 5. c3 d6 6. d4 cxd4 7. cxd4 a6 8. Ba4 b5 9. Bb3 Na5 10. Bd5 Ra7 11. a4 Nf6 12. b4 Nxd5 13. exd5 Nc4 14. axb5 Qb6 15. Nc3 0-0 16. Qb3 Rc7 17. bxa6 Bxa6 18. b5 Rb8 19. Rb1 Na5 20. Qb4 Nc4 21. Rd1 e5 22. dxe5 Nxe5 23. Nxe5 Bxe5 24. Be3 Qb7 25. Qa4 Bxc3 26. Qxa6 Ra8 27. Qxd6 Bg7 28. b6 Rcc8 29. g3 Rd8 30. Qc6 Qe7 31. b7 Rab8 32. Ba7 Be5 33. Re1 Qg5 34. Bxb8 Bxb8 35. Re8+ Kg7 36. h4 Qg4 37. Qc3+ 1-0

[Event "Fagernes op"]
[Site "Fagernes"]
[Date "2020.10.05"]
[Round "2"]
[White "Omland, Nils Henrik"]
[Black "Anfindsen, Andreas Gautestad"]
[Result "1-0"]
[WhiteElo "1514"]
[BlackElo "1211"]
[PlyCount "39"]
[EventDate "2020.10.04"]
[EventType "swiss"]
[EventRounds "9"]
[EventCountry "NOR"]
[SourceTitle "EXT 2024"]
[Source "ChessBase"]
[SourceDate "2023.10.10"]
[SourceVersion "1"]
[SourceVersionDate "2023.10.10"]
[SourceQuality "1"]

1. d4 d5 2. Bf4 Bf5 3. Nc3 a6 4. e3 Nc6 5. a3 e6 6. Nf3 Nf6 7. Be2 Bd6 8. Bg3 0-0 9. 0-0 Nh5 10. Bh4 Qd7 11. Ne5 Bxe5 12. dxe5 g6 13. g4 Nxe5 14. gxf5 exf5 15. Qxd5 Qe8 16. Bxh5 gxh5 17. Kh1 Kh8 18. Bf6+ Kg8 19. Bxe5 Rd8 20. Rg1# 1-0